| 000 | 00450nam a22001577a 4500 | ||
|---|---|---|---|
| 005 | 20251120155342.0 | ||
| 008 | 251120b |||||||| |||| 00| 0 eng d | ||
| 020 | _a979-8-88715-118-2 | ||
| 100 | _aNORRIS, ELSA | ||
| 245 | _aCATERING HOSPITALITY INDUSTRY AND TOURISM MANAGEMENT | ||
| 260 |
_aDUBLIN, OH _bORYSON, PRESS _c2023 |
||
| 300 | _aVIII, 298P. | ||
| 500 | _aINCLUDES INDEX | ||
| 650 | _aHOSPITALITY INDUSTRY-MANAGEMENT | ||
| 942 |
_2lcc _cBK |
||
| 999 |
_c216238 _d216238 |
||